[Event "RSA-ch"]
[Site "Cape Town"]
[Date "2024.04.01"]
[Round "10"]
[White "Mnyasta, Charlton"]
[Black "Barrish, Daniel"]
[Result "1/2-1/2"]
[WhiteElo "2123"]
[BlackElo "2218"]
[PlyCount "84"]
[EventDate "2024.03.25"]
[EventType "tourn"]
[EventRounds "11"]
[EventCountry "RSA"]
[SourceTitle "CB14_2024"]
[SourceDate "2024.04.01"]
[SourceVersion "1"]
[SourceVersionDate "2024.04.01"]
[SourceQuality "1"]

1. e4 c6 2. d4 d5 3. exd5 cxd5 4. c4 Nf6 5. Nc3 Nc6 6. Nf3 a6 7. cxd5 Nxd5 8. Qb3 Be6 9. Ng5 Qd7 10. Nxe6 fxe6 11. Be3 g6 12. Be2 Bg7 13. Bg4 Nxd4 14. Bxd4 Bxd4 15. Rd1 Bxc3+ 16. bxc3 Qb5 17. Qxb5+ axb5 18. Bxe6 Nxc3 19. Rd3 Nxa2 20. 0-0 Nb4 21. Rd7 Na6 22. Ra1 Rd8 23. Rad1 Rxd7 24. Bxd7+ Kf7 25. Bxb5 Rc8 26. g4 Kf6 27. h4 Rc5 28. Be2 Nc7 29. g5+ Ke6 30. Bg4+ Kf7 31. Bf3 b5 32. Rd8 b4 33. Bd1 Ke6 34. Bb3+ Ke5 35. Rb8 Rb5 36. Rh8 Ne6 37. Rxh7 Rb7 38. h5 gxh5 39. g6 Kf6 40. Rf7+ Kxg6 41. Bxe6 b3 42. Bxb3 Rxb3 1/2-1/2

[Event "RSA-ch"]
[Site "Cape Town"]
[Date "2024.03.31"]
[Round "8"]
[White "Mnyasta, Charlton"]
[Black "Kobese, Watu"]
[Result "1/2-1/2"]
[WhiteElo "2123"]
[BlackElo "2268"]
[PlyCount "46"]
[EventDate "2024.03.25"]
[EventType "tourn"]
[EventRounds "11"]
[EventCountry "RSA"]
[SourceTitle "CB14_2024"]
[SourceDate "2024.04.01"]
[SourceVersion "1"]
[SourceVersionDate "2024.04.01"]
[SourceQuality "1"]

1. e4 e5 2. Nf3 Nc6 3. Bb5 a6 4. Ba4 Nf6 5. 0-0 Be7 6. Re1 b5 7. Bb3 d6 8. a4 Bd7 9. c3 0-0 10. d4 h6 11. Nbd2 exd4 12. Nxd4 Ne5 13. N2f3 c5 14. Nf5 Bxf5 15. exf5 c4 16. Bc2 Nxf3+ 17. Qxf3 b4 18. Qb7 Re8 19. Qxb4 d5 20. Qb7 Rb8 21. Qxa6 Ra8 22. Qb7 Rb8 23. Qa6 Ra8 1/2-1/2

[Event "RSA-ch"]
[Site "Cape Town"]
[Date "2024.03.30"]
[Round "7"]
[White "Cawdery, Daniel"]
[Black "Mnyasta, Charlton"]
[Result "0-1"]
[WhiteElo "2380"]
[BlackElo "2123"]
[PlyCount "58"]
[EventDate "2024.03.25"]
[EventType "tourn"]
[EventRounds "11"]
[EventCountry "RSA"]
[SourceTitle "CB14_2024"]
[SourceDate "2024.04.01"]
[SourceVersion "1"]
[SourceVersionDate "2024.04.01"]
[SourceQuality "1"]

1. e4 c5 2. Nf3 d6 3. d4 cxd4 4. Nxd4 Nf6 5. Nc3 Nc6 6. Bg5 e6 7. Qd3 a6 8. Nxc6 bxc6 9. 0-0-0 Qa5 10. Qg3 Be7 11. h4 Rb8 12. Bc4 Qb6 13. Bb3 c5 14. e5 dxe5 15. Bxf6 Bxf6 16. Ne4 Bb7 17. Nxf6+ gxf6 18. Qg7 Ke7 19. Rd7+ Kxd7 20. Qxf7+ Kc6 21. Ba4+ Kd5 22. Qd7+ Ke4 23. Re1+ Kf5 24. Qg7 h5 25. Bb3 c4 26. Bxc4 Bd5 27. Bd3+ e4 28. f3 Qxb2+ 29. Kd1 exd3 0-1

[Event "RSA-ch"]
[Site "Cape Town"]
[Date "2024.03.26"]
[Round "2"]
[White "Klaasen, Calvin Jong"]
[Black "Mnyasta, Charlton"]
[Result "0-1"]
[WhiteElo "2155"]
[BlackElo "2123"]
[PlyCount "76"]
[EventDate "2024.03.25"]
[EventType "tourn"]
[EventRounds "11"]
[EventCountry "RSA"]
[SourceTitle "CB14_2024"]
[SourceDate "2024.04.01"]
[SourceVersion "1"]
[SourceVersionDate "2024.04.01"]
[SourceQuality "1"]

1. e4 c5 2. Nf3 d6 3. d4 cxd4 4. Nxd4 Nf6 5. Nc3 Nc6 6. Bc4 e6 7. 0-0 a6 8. Bb3 Qc7 9. Be3 Bd7 10. f4 Na5 11. Qf3 Be7 12. Rae1 Nxb3 13. cxb3 Rc8 14. Bf2 0-0 15. e5 Ne8 16. Kh1 b5 17. a3 dxe5 18. fxe5 f6 19. exf6 Rxf6 20. Qe3 Nd6 21. Bg3 Qc5 22. Rxf6 Bxf6 23. Be5 Bh4 24. g3 Be7 25. Bf4 Nf7 26. b4 Qh5 27. Qe2 Qh3 28. Qg2 e5 29. Qxh3 Bxh3 30. Nf3 Bxb4 31. axb4 exf4 32. gxf4 Kf8 33. Re4 Nd6 34. Rd4 Nc4 35. Ne5 Nxb2 36. Ne2 Rc2 37. Re4 Bf5 38. Re3 Nd1 0-1

[Event "RSA-ch"]
[Site "Cape Town"]
[Date "2024.03.25"]
[Round "1"]
[White "Mnyasta, Charlton"]
[Black "Karsten, Jan"]
[Result "1/2-1/2"]
[WhiteElo "2123"]
[BlackElo "2323"]
[PlyCount "141"]
[EventDate "2024.03.25"]
[EventType "tourn"]
[EventRounds "11"]
[EventCountry "RSA"]
[SourceTitle "CB14_2024"]
[SourceDate "2024.04.01"]
[SourceVersion "1"]
[SourceVersionDate "2024.04.01"]
[SourceQuality "1"]

1. e4 c5 2. Nf3 d6 3. d4 cxd4 4. Nxd4 Nf6 5. Nc3 a6 6. a4 e5 7. Nf3 h6 8. g3 Be7 9. Bg2 0-0 10. 0-0 Nc6 11. Re1 Qc7 12. Be3 Be6 13. Nh4 Na5 14. Nf5 Nc4 15. Bc1 Rfd8 16. Nxe7+ Qxe7 17. b3 Nb6 18. Ba3 Qc7 19. Qd2 Rac8 20. Bb4 d5 21. a5 d4 22. axb6 dxc3 23. Qc1 Qc6 24. h3 Rd4 25. Ba5 Nxe4 26. Qe3 Bd5 27. f3 Nf6 28. Rad1 Qc5 29. b4 Qc6 30. Qxe5 Rxd1 31. Rxd1 Re8 32. Qc7 Re2 33. Qxc6 Bxc6 34. Rd8+ Ne8 35. Rc8 Re6 36. f4 Bxg2 37. Kxg2 f5 38. Rxc3 Kf7 39. Rc8 Nd6 40. Rc5 Re3 41. Kf2 Re7 42. Kf3 Kf6 43. g4 g6 44. Rd5 Nc4 45. Rd4 Re3+ 46. Kf2 Re4 47. Rd7 Re7 48. Rd8 Re4 49. Rf8+ Ke7 50. Rh8 Nd6 51. Kf3 Rc4 52. Rxh6 Rc3+ 53. Ke2 fxg4 54. b5 Rxh3 55. Rxg6 Nxb5 56. Rg7+ Kd6 57. Rxb7 Nd4+ 58. Kd2 Nc6 59. Bc3 Kc5 60. f5 Rf3 61. f6 g3 62. Bb2 Na5 63. Rg7 Kxb6 64. f7 Nc4+ 65. Ke2 Rf2+ 66. Ke1 Nxb2 67. Rxg3 Rxf7 68. Rb3+ Kc5 69. Rxb2 a5 70. Kd2 Kc4 71. Rb8 1/2-1/2

[Event "South African op"]
[Site "Cape Town"]
[Date "2022.07.16"]
[Round "10"]
[White "Mnyasta, Charlton"]
[Black "Lewis, Mark MM"]
[Result "1-0"]
[WhiteElo "1855"]
[BlackElo "1874"]
[PlyCount "56"]
[EventDate "2022.07.09"]
[EventType "swiss"]
[EventRounds "11"]
[EventCountry "RSA"]
[SourceTitle "CBM 209 Extra"]
[Source "ChessBase"]
[SourceDate "2022.09.30"]
[SourceVersion "1"]
[SourceVersionDate "2022.09.30"]
[SourceQuality "1"]

1. e4 g6 2. d4 Bg7 3. Nc3 c6 4. Bf4 d5 5. exd5 cxd5 6. Nb5 Na6 7. Qe2 Be6 8. Nf3 h6 9. Ne5 Qb6 10. a4 Nf6 11. a5 Qd8 12. Nxg6 Bg4 13. f3 fxg6 14. fxg4 Ne4 15. Qe3 Qc8 16. Nc3 Nxc3 17. bxc3 0-0 18. Kd2 g5 19. Bg3 Qxg4 20. Rb1 Qd7 21. Bb5 Qd8 22. Qe6+ Kh8 23. Bd3 Rf6 24. Qe2 Qxa5 25. Rxb7 Rc8 26. Qxe7 Qxc3+ 27. Ke2 Rg8 28. Be5 Bf8 1-0

[Event "South African op"]
[Site "Cape Town"]
[Date "2022.07.15"]
[Round "8"]
[White "Daniel, Angelo"]
[Black "Mnyasta, Charlton"]
[Result "0-1"]
[WhiteElo "1561"]
[BlackElo "1855"]
[PlyCount "76"]
[EventDate "2022.07.09"]
[EventType "swiss"]
[EventRounds "11"]
[EventCountry "RSA"]
[SourceTitle "CBM 209 Extra"]
[Source "ChessBase"]
[SourceDate "2022.09.30"]
[SourceVersion "1"]
[SourceVersionDate "2022.09.30"]
[SourceQuality "1"]

1. Nf3 d5 2. g3 Bg4 3. Bg2 Nd7 4. h3 Bh5 5. d3 Ngf6 6. Nbd2 e5 7. e4 dxe4 8. dxe4 Bc5 9. 0-0 0-0 10. Qe2 Qe7 11. Rd1 Rfd8 12. Nf1 Nf8 13. Bg5 Ne6 14. Bxf6 Qxf6 15. c3 Ng5 16. g4 Bg6 17. Nxg5 Qxg5 18. Ng3 h5 19. Nxh5 Bxh5 20. gxh5 Qh4 21. Qf3 a5 22. a4 Rxd1+ 23. Rxd1 Ra6 24. Qe2 Rf6 25. Rf1 b6 26. h6 g5 27. Qg4 Qxh6 28. Bf3 Rf4 29. Qg3 Qg6 30. Kg2 f5 31. exf5 Qxf5 32. b3 e4 33. Be2 Bd6 34. Qe3 Qe5 35. Bc4+ Kh7 36. f3 Rg4+ 37. Kf2 Bc5 38. hxg4 Qh2+ 0-1

[Event "South African op"]
[Site "Cape Town"]
[Date "2022.07.11"]
[Round "5"]
[White "Mnyasta, Charlton"]
[Black "Simpson, Michael"]
[Result "0-1"]
[WhiteElo "1855"]
[BlackElo "1860"]
[PlyCount "116"]
[EventDate "2022.07.09"]
[EventType "swiss"]
[EventRounds "11"]
[EventCountry "RSA"]
[SourceTitle "CBM 209 Extra"]
[Source "ChessBase"]
[SourceDate "2022.09.30"]
[SourceVersion "1"]
[SourceVersionDate "2022.09.30"]
[SourceQuality "1"]

1. e4 c5 2. Nf3 e6 3. d4 cxd4 4. Nxd4 Nc6 5. Nc3 Qc7 6. g4 a6 7. Be3 b5 8. Nxc6 Qxc6 9. Bg2 Bb7 10. a3 Rc8 11. Qd4 Nf6 12. 0-0-0 Bc5 13. Qd2 b4 14. axb4 Bxb4 15. Bd4 Qc7 16. Qg5 Be7 17. h3 0-0 18. Qe3 e5 19. Bb6 Qc6 20. Bf3 Bb4 21. Rd3 Ne8 22. Bd1 Nd6 23. Nd5 Qa4 24. Ne7+ Kh8 25. Ra3 Bxa3 26. Qxa3 Qxa3 27. bxa3 Rce8 28. Nd5 Nxe4 29. Nc7 Rb8 30. Re1 Bc6 31. Ba5 Nxf2 32. Be2 Nxh3 33. Nxa6 Ra8 34. Bb4 Rfc8 35. Bf1 Nf2 36. Rxe5 Nxg4 37. Re7 Bd5 38. Rxd7 Ne3 39. Bd3 Rd8 40. Re7 Re8 41. Rd7 Rad8 42. Rc7 h5 43. Be7 Rc8 44. Ra7 Bc4 45. Kd2 Bxd3 46. cxd3 Nd5 47. Bc5 Ra8 48. Rd7 Nf6 49. Rd6 Red8 50. Rb6 Ne4+ 51. Ke3 Nxc5 52. Nxc5 Rxa3 53. Ke4 Ra1 54. Rb7 Re1+ 55. Kf3 Rd5 56. Kf2 Re8 57. d4 f6 58. Rb4 Rf5+ 0-1

[Event "South African op"]
[Site "Cape Town"]
[Date "2022.07.09"]
[Round "1"]
[White "Strong, Davida"]
[Black "Mnyasta, Charlton"]
[Result "0-1"]
[WhiteElo "1282"]
[BlackElo "1855"]
[PlyCount "26"]
[EventDate "2022.07.09"]
[EventType "swiss"]
[EventRounds "11"]
[EventCountry "RSA"]
[SourceTitle "CBM 209 Extra"]
[Source "ChessBase"]
[SourceDate "2022.09.30"]
[SourceVersion "1"]
[SourceVersionDate "2022.09.30"]
[SourceQuality "1"]

1. e4 c5 2. Nf3 d6 3. d4 cxd4 4. Qxd4 Nc6 5. Bb5 Bd7 6. Bxc6 Bxc6 7. Nc3 e6 8. Be3 Nf6 9. 0-0 Be7 10. Rad1 Qa5 11. Rfe1 0-0 12. h3 a6 13. Bd2 Qh5 0-1